000 00790nam a22002177a 4500
005 2008102002352.0
008 081020t xxu||||| |||| 00| 0 eng d
010 _aENG-84127
020 _a8170999928
020 _c895.00 (hb)
035 _aEN-67660
082 _a340.52
100 _aPathak, Manjushree
245 _aTribal customs, law and justice:
_ba teleological study of aids /
_cby Manjushree Pathak
260 _aNew Delhi
_bMittal Publications
260 _c2005
300 _axxiv,426p
_bphotos
_c22cm
500 _aIncludes bibliographical references and index
942 _2ddc
_cEN
_h340.52
_mPAT
999 _c17091
_d17091